|
|
|
|
| LEADER |
01239nam a2200301 4500 |
| 001 |
DLU140165539 |
| 005 |
##20141112 |
| 040 |
# |
# |
|a DLU
|b vie
|
| 041 |
# |
# |
|a vie
|
| 044 |
# |
# |
|a vn
|
| 082 |
# |
# |
|a 539.762
|b NG-H
|
| 100 |
# |
# |
|a Ngô Thị Hoà.
|
| 245 |
# |
# |
|a Xây dựng phương pháp xác lập tham số cho hệ phổ kế trùng phùng gamma-gamma ghi "Sự kiện-Sự kiện" :
|b Tóm tắt Luận văn Thạc sĩ Vật lý Kỹ thuật /
|c Ngô Thị Hoà; Nguyễn Đức Hoà hướng dẫn.
|
| 260 |
# |
# |
|a Đà Lạt :
|b Trường Đại học Đà lạt,
|c 2013.
|
| 300 |
# |
# |
|a 13 tr. :
|b minh hoạ ;
|c 21 cm.
|
| 505 |
# |
# |
|a Chương I. Cơ sở lý thuyết -- Chương II. Phương pháp khảo sát tham số thời gian của hệ phổ kế -- Chương III. Kết quả và biện luận.
|
| 650 |
# |
# |
|a Vật lý hạt nhân
|x Xử lý dữ liệu.
|
| 700 |
# |
# |
|a Nguyễn Đức Hoà,
|c PGS.TS.
|e hướng dẫn.
|
| 915 |
# |
# |
|a Vật lý Kỹ thuật
|c Thạc sĩ
|d Trường Đại học Đà lạt
|e Bộ Giáo dục và Đào tạo.
|
| 992 |
# |
# |
|a 0
|
| 994 |
# |
# |
|a DLU
|
| 900 |
# |
# |
|a True
|
| 911 |
# |
# |
|a Đào Thị Thu Huyền
|
| 925 |
# |
# |
|a G
|
| 926 |
# |
# |
|a A
|
| 927 |
# |
# |
|a LA
|
| 980 |
# |
# |
|a Thư viện Trường Đại học Đà Lạt
|